Video games by screenshots 2 - Statistics

General Stats
  • This quiz has been taken 32 times
  • The average score is 3 of 16
Answer Stats
Picture Answer % Correct
Counter Strike 2
59%
Apex Legends
55%
Alan Wake
38%
ALTF4
24%
The Room
24%
Assetto Corsa
17%
Hue
14%
One armed cook
14%
7 days to die
10%
Freddy Fazbear's Pizzeria Simulator
10%
Beholder
7%
Deceit
7%
Dictators No Peace
7%
OpenTTD
7%
Age of Empires 3
3%
Call of War
3%
No matching quizzes found
Score Distribution
Percent of People with Each Score
Percentile by Number Answered
Your Score History
You have not taken this quiz